书目信息 |
| 题名: |
现代教育技术教程
|
|
| 作者: | 蔡铁权 编著 | |
| 分册: | ||
| 出版信息: | 北京 科学出版社 2005.6重印 |
|
| 页数: | 355页 | |
| 开本: | 24cm | |
| 丛书名: | ||
| 单 册: | ||
| 中图分类: | G40-057 | |
| 科图分类: | ||
| 主题词: | 教育技术学--jiao yu ji shu xue--高等学校--教材 | |
| 电子资源: | ||
| ISBN: | 7-03-015150-X | |
| 000 | 00982nam0 2200277 45 | |
| 001 | 012005000000 | |
| 005 | 20051207093115.97 | |
| 010 | @a7-03-015150-X@dCNY28.00 | |
| 100 | @a20050917e2005 em y0chiy0121 ea | |
| 101 | 0 | @achi |
| 102 | @aCN@b110000 | |
| 105 | @afk z 000yy | |
| 200 | 1 | @a现代教育技术教程@Axian dai jiao yu ji shu jiao cheng@f蔡铁权 … [等]编著 |
| 205 | @a2版 | |
| 210 | @a北京@c科学出版社@d2005.6重印 | |
| 215 | @a355页@c图@d24cm | |
| 300 | @a21世纪高等院校教材·教育类 | |
| 304 | @a本书编著者为:蔡铁权、王丽华、潘瑶珍等 | |
| 320 | @a有书目(第352-353页) | |
| 330 | @a本书针对我国基础教育改革的现实需要及教师教育改革的要求,详细阐述教育技术学的理论和实践,充分体现信息技术与学科教学整合的理念。 | |
| 333 | @a阅读对象:高等师范院校非教育技术学专业师生等 | |
| 606 | 0 | @a教育技术学@Ajiao yu ji shu xue@x高等学校@j教材 |
| 690 | @aG40-057@v4 | |
| 701 | 0 | @a蔡铁权@Acai tie quan@4编著 |
| 801 | 0 | @aCN@bSRXX@c20051207 |
| 905 | @a10447@dG40-057@eC050-2 | |
| 现代教育技术教程/蔡铁权 … [等]编著.-2版.-北京:科学出版社,2005.6重印 |
| 355页:图;24cm |
| 21世纪高等院校教材·教育类.-使用对象:阅读对象:高等师范院校非教育技术学专业师生等 |
| ISBN 7-03-015150-X:CNY28.00 |
| 本书针对我国基础教育改革的现实需要及教师教育改革的要求,详细阐述教育技术学的理论和实践,充分体现信息技术与学科教学整合的理念。 |
| ● |
| 相关链接 |
|
|
|
正题名:现代教育技术教程
索取号:G40-057/C050-2
 
预约/预借
| 序号 | 登录号 | 条形码 | 馆藏地/架位号 | 状态 | 备注 |
| 1 | 545554 | 205455540 | 社科库409/409社科库 1排4列2层/ [索取号:G40-057/C050-2] | 在馆 | |
| 2 | 545555 | 205455559 | 社科库409/409社科库 1排4列2层/ [索取号:G40-057/C050-2] | 在馆 | |
| 3 | 545556 | 205455568 | 社科库409/409社科库 1排4列2层/ [索取号:G40-057/C050-2] | 在馆 |